00622nam a2200181Ia 4500001002300000003000900023008004100032040002300073041001300096100001900109245007200128250001500200260002800215300002500243490000900268501012400277650003900401226.2-Mt GAL ma (1063)IT-MiSPE171229s9999||||xx |||||||||||||| ||und|| aIT-MiSPEcIT-MiSPE aITALIANO aMario Galizzi  0aVangelo secondo Matteo (24-28)bIII. Il coraggio di guardare avanti a1a ed. (v) aLeumann (TO)bLDCc1982 a158 p. [3 v.]c19 cm v 3° aEdizioni San Paolo srl - Piazza Soncino, 5 - 20092 CINISELLO BALSAMO (MI) (non commercial uses only) ® Copyright 2018 aBIBBIA. NT. Vangelo secondo Matteo